| Tag |
First Indicator |
Second Indicator |
Subfields |
| LEADER |
00000cam a2200000 4500 |
| 001 |
in00000096830 |
| 005 |
20150925090445.0 |
| 008 |
780914s1960 nmu 00000 eng u |
| 010 |
|
|
|a gs 60000248
|
| 035 |
|
|
|a (OCoLC)04224752
|
| 035 |
|
|
|9 AAL2543AM
|
| 040 |
|
|
|c TXU
|d TXA
|d UtOrBLW
|
| 049 |
|
|
|a TXAM
|c [435400]
|
| 090 |
|
|
|a TN24.N6
|b A235 no. 55
|
| 100 |
1 |
|
|a Austin, Carl F.
|q (Carl Fulton),
|d 1932-
|
| 245 |
1 |
0 |
|a Some scheelite occurrences in the Magdalena mining district of New Mexico.
|
| 264 |
|
1 |
|a Socorro :
|b State Bureau of Mines & Mineral Resources, New Mexico Institute of Mining & Technology,
|c 1960.
|
| 300 |
|
|
|a ii, 17 pages :
|b illustrations, maps ;
|c 28 cm.
|
| 336 |
|
|
|a text
|b txt
|2 rdacontent
|
| 337 |
|
|
|a unmediated
|b n
|2 rdamedia
|
| 338 |
|
|
|a volume
|b nc
|2 rdacarrier
|
| 490 |
1 |
|
|a New Mexico. Bureau of Mines and Mineral Resources. Circular ;
|v 55
|
| 504 |
|
|
|a Bibliography: page 17.
|
| 650 |
|
0 |
|a Scheelite
|z New Mexico
|z Magdalena Mining District.
|
| 830 |
|
0 |
|a Circular (New Mexico. Bureau of Mines and Mineral Resources) ;
|v 55.
|
| 999 |
|
|
|a MARS
|
| 999 |
f |
f |
|s 7064d92a-1486-369c-bcff-2089bd9ffec2
|i 763af505-b071-3c86-98c3-09a006f18d8a
|t 0
|
| 952 |
f |
f |
|p ric
|a Texas A&M University
|b Rellis Campus
|c Joint Library Facility
|d Remote Storage
|t 0
|e TN24.N6 A235 no.55
|h Library of Congress classification
|i unmediated -- volume
|m A14805566846
|
| 998 |
f |
f |
|a TN24.N6 A235 no.55
|t 0
|l Remote Storage
|